banner-ar

موسولينى / (Record no. 50020)

MARC details
000 -الفاتح
حقل البيانات ثابتة الطول 00902nam a2200241Ia 4500
005 - وقت وتاريخ اخر تعامل مع التسجيلة
رقم الضبط 20240530104714.0
008 - عناصر البيانات ثابتة الطول - معلومات عامة
حقل البيانات ثابتة الطول 140319s1997 xx 000 0 ara d
040 ## - مصدر الفهرسة
وكالة الفهرسة الأصلية GCL /
وكالة النسخ GCL
082 04 - رقم تصنيف ديوى العشرى
رقم التصنيف 923.1 /
رقم المادة د م
100 1# - المدخل الرئيسى - إسم شخصى
الإسم الشخصى جوسيبى دى لونا
245 10 - بيان العنوان
العنوان موسولينى /
بيان المسئوليه,etc تاليف جوسيبى دى لونا ؛ مترجم عادل دمرداش ؛ مقدم لمعى المطيعى
260 ## - PUBLICATION, DISTRIBUTION, ETC. (IMPRINT)
تاريخ النشر أو التوزيع 1997
300 ## - الوصف المادى
التعداد 163 ص؛
أبعاد الوعاء 20 سم
490 ## - بيان السلسلة
عنوان السلسلة الالف كتاب الثانى
رقم المجلد/ التعيين التسلسلي ( 251 )
650 04 - المدخل الاضافى بالموضوع-مصطلح موضوعى
مصطلح موضوعي التراجم
650 04 - المدخل الاضافى بالموضوع-مصطلح موضوعى
مصطلح موضوعي الرجال - تراجم
650 04 - المدخل الاضافى بالموضوع-مصطلح موضوعى
مصطلح موضوعي ايطاليا - تاريخ
650 04 - المدخل الاضافى بالموضوع-مصطلح موضوعى
مصطلح موضوعي موسولينى
700 1# - المدخل الاضافى - اسم شخصى
الإسم الشخصى عادل دمرداش
الدور مترجم
700 1# - المدخل الاضافى - اسم شخصى
الإسم الشخصى لمعى المطيعى
الدور مقدم
942 ## - عناصر المدخل الإضافي( كوها)
مصدر التصنيف او مخطط الترفيف Dewey Decimal Classification
Koha [default] item type كتاب
260 ## - PUBLICATION, DISTRIBUTION, ETC. (IMPRINT)
-- القاهرة :
-- الهيئة المصرية العامة للكتاب،
Holdings
حالة التراجع حالة الفقد حالة تلف ليس للاعارة المكان المؤقت الموقع الحالى تاريخ الاكتساب اجمالي اﻻعارات رقم الطلب الباركود تاريخ اخر مشاهدة تاريخ تفعيل السعر نوع وعاء كوها موقع الترفيف
        مكتبة القاهرة الكبرى مكتبة القاهرة الكبرى 03/26/2014   923.1\د م 119935 03/26/2014 03/26/2014 كتاب  
        مكتبة القاهرة الكبرى مكتبة القاهرة الكبرى 12/01/2022   923.1 / د م 168918 12/01/2022 12/01/2022 كتاب ق الرئيسية_التاريخ والجغرافيا_ك عربى

Powered By

EGPV